000 01004cam a2200265 a 4500
001 000006665
005 20200929153954.0
008 900828s1989 sp a b f000 0 spa
020 _a8474836166
035 _a(DLC) 90189647
040 _aDO-SdBNP
_cDLC
_dDLC
_dBNPHU
050 0 0 _aTH2393
_b.N84 1989
082 _a694/.2/0946
_b20
_bN964c
100 1 _aNuere, Enrique,
_d1938-
_918542
245 1 3 _aLa carpintería de armar española /
_cEnrique Nuere.
260 _aMadrid :
_bMinisterio de Cultura :
_bDirección General de Bellas Artes y Archivos :
_bInstituto de Conservación y Restauración de Bienes Culturales,
_c1989.
300 _a261 p. :
_bil. ;
_c26 cm.
504 _aIncluye referencias bibliográfica.
650 0 _aRoofs
_zSpain.
_918543
650 0 _aFraming (building)
_zSpain.
_918544
650 0 _aWooden ceilings
_zSpain.
_918545
710 1 _aInstituto de Conservación y Restauración de Bienes Culturales (Spain)
_918546
910 _aCatalogación por copia / LC
049 _aBNGR
999 _c6454
_d6454